00503 2200193 4500001002100000005001500021035001900036245005500055100001200110300003600122260004400158082000700202084001300209022001300222863001700235008003900252990000900291990000900300INLIS00000000000049320210226084918$a 0010-0221000125$a ANCAS: Poma rong poma jaga gizi balita /$c Yusmanto$a Yusmanto$a 42 hlm : $b Ilus ; $c 18 x 27 cm$a Purwokerto :$b Yayasan carablaka,$c 2021$a 050$a 050 YUS a$a 2087-023x$a Februari 2021210226 | | | $a M0001$a M0002